Normal view
MARC view
Entry Topical Term
001 - CONTROL NUMBER
- control field: 1546
003 - CONTROL NUMBER IDENTIFIER
- control field: csc
005 - DATE AND TIME OF LATEST TRANSACTION
- control field: 20140507162057.0
008 - FIXED-LENGTH DATA ELEMENTS
- fixed length control field: 130724|| aca||aabn | a|a d
040 ## - CATALOGING SOURCE
- Original cataloging agency: csc
- Transcribing agency: csc
150 ## - HEADING--TOPICAL TERM
- Topical term or geographic name entry element: TCP/IP (Protocolo de comunicación)
670 ## - SOURCE DATA FOUND
- Source citation: Work cat.: (csc)302: Wright, Gary R. 5419, TCP/IP illustrated. Vol. 2, The implementation /, 1995